000 01093nam a2200337Ia 4500
001 Z_1417
003 CHAP
008 220113s1988 xx 000 0 und d
010 _a164506
040 _cCHAP
082 _a636.080913 S5
100 _aSimposium de Ganadería Tropical (7: 1988: Veracruz, Ver.)
_9138606
245 _aValidación y transferencia de tecnología para incrementar la producción de leche y carne : memorias /
_cpor INIFAP. Campo Experimental La Posta
260 _aVeracruz, Ver. :
_bEl Instituto,
_c1988
300 _a84 p
440 _a
500 _a
503 _a
650 _aCarne
_xProducción I. Asociación de Médicos Veterinarios Zootecnistas. Veracruz, Ver. II. Unión Ganadera
_9138607
650 _aGanadería
_xCongresos
_944677
650 _aGanadería
_xInnovaciones tecnológicas
_944755
650 _aGanadería
_xTrópicos
_944856
650 _aLeche
_xProducción
_965400
650 _aTrópicos
_xGanadería
_9115286
901 _a636.080913 S5
902 _aA
910 _a1988
942 _c1
942 _cc1
999 _c164506
_d164506